Normal view
MARC view
Entry Personal Name
001 - CONTROL NUMBER
- control field: 75168
003 - CONTROL NUMBER IDENTIFIER
- control field: dpl
005 - DATE AND TIME OF LATEST TRANSACTION
- control field: 20241213151208.0
008 - FIXED-LENGTH DATA ELEMENTS
- fixed length control field: 241213|| aca||aabn | a|a d
040 ## - CATALOGING SOURCE
- Original cataloging agency: dpl
- Transcribing agency: dpl
100 ## - HEADING--PERSONAL NAME
- Personal name: Pillai A. Sivathanu
670 ## - SOURCE DATA FOUND
- Source citation: Work cat.: (dpl)207699: Pillai A. Sivathanu, Success Mantra of BrahMos:, 2014
